Northern Europe Capitals by Satellite Image - Statistics

General Stats
  • This quiz has been taken 33 times
  • The average score is 8 of 10
Answer Stats
Picture Answer % Correct
Stockholm
97%
Reykjavík
83%
Dublin
80%
London
80%
Oslo
80%
Riga
80%
Copenhagen
77%
Vilnius
77%
Helsinki
73%
Tallinn
70%
No matching quizzes found
Score Distribution
Percent of People with Each Score
Percentile by Number Answered
Your Score History
You have not taken this quiz